000 00306nam a2200121Ia 4500
008 170224s9999 xx 000 0 und d
245 2 _aA theory-based approach to nursing shared governance
260 _bNursing Outlook
260 _c2016
300 _a64:4
500 _aJuly-August
650 _xNursing.
999 _c317017
_d317017